| 000 | 00445nam a22001577a 4500 | ||
|---|---|---|---|
| 999 |
_c60663 _d60663 |
||
| 005 | 20231004152335.0 | ||
| 008 | 231004s1981 enk||||| |||| 00| 0 eng d | ||
| 041 | _aeng | ||
| 080 | _a7+72 A-38 | ||
| 245 |
_aAll Granada / _cBy Editorial Escudo De Oro. |
||
| 264 |
_aBarselona, _c1981. |
||
| 300 |
_a132 p. : _bill.; _c25 cm. |
||
| 653 | _aგრანადა | ||
| 700 |
_aEscudo, De Oro _eრედაქტორი _919994 |
||
| 942 |
_2udc _cBK |
||